[Event "FICGS W-ch st1 g06 email"]
[Site "FICGS email"]
[Date "2012.01.01"]
[Round "1"]
[White "Faust, Dieter"]
[Black "Huxtable, Simon"]
[Result "1-0"]
[WhiteElo "1821"]
[BlackElo "1388"]
[PlyCount "31"]
[EventDate "2012.??.??"]
[EventType "tourn (corr)"]
[EventRounds "8"]
[SourceTitle "Corr 2022"]
[Source "ChessBase"]
[SourceDate "2021.10.24"]
[SourceVersion "1"]
[SourceVersionDate "2021.10.24"]
[SourceQuality "1"]

1. d4 Nf6 2. c4 c6 3. Nc3 d5 4. Nf3 e6 5. e3 c5 6. cxd5 Nxd5 7. Bb5+ Nc6 8. 0-0 Bd7 9. Nxd5 exd5 10. dxc5 Bxc5 11. Qxd5 Qb6 12. Qe4+ Be7 13. a4 a6 14. Bc4 0-0 15. Rd1 Rad8 16. a5 1-0

[Event "FICGS rapid D 000056 email"]
[Site "FICGS email"]
[Date "2011.05.03"]
[Round "1"]
[White "Martinez Camacho, Victor Hugo"]
[Black "Huxtable, Simon"]
[Result "0-1"]
[WhiteElo "1380"]
[BlackElo "1336"]
[PlyCount "60"]
[EventDate "2011.??.??"]
[EventType "tourn (rapid)"]
[EventRounds "6"]
[SourceTitle "Corr 2013"]
[Source "ChessBase"]
[SourceDate "2012.11.12"]
[SourceVersion "1"]
[SourceVersionDate "2012.11.12"]
[SourceQuality "1"]

1. e4 c6 2. d4 d5 3. Nd2 dxe4 4. Nxe4 Bf5 5. Ng3 Bg6 6. c3 e6 7. h4 h6 8. Nf3 Bd6 9. Bd3 Bxg3 10. fxg3 Bxd3 11. Qxd3 Nf6 12. Be3 c5 13. Rd1 cxd4 14. Bxd4 Nc6 15. 0-0 Ng4 16. Bxg7 Rg8 17. Qh7 Qb6+ 18. Kh1 Ke7 19. Bxh6 Rg6 20. Bc1 Nf6 21. Bg5 Rxg5 22. Qxf7+ Kxf7 23. Nxg5+ Ke7 24. Rde1 Nd8 25. b3 Qc7 26. Rf3 Nh5 27. Rfe3 Nxg3+ 28. Kg1 Qb6 29. Kh2 Nf1+ 30. Kh1 Nxe3 0-1

[Event "FICGS rapid D 000045 email"]
[Site "FICGS email"]
[Date "2010.08.24"]
[Round "1"]
[White "Huxtable, Simon"]
[Black "Colarina, Floram"]
[Result "0-1"]
[WhiteElo "1450"]
[BlackElo "1464"]
[PlyCount "36"]
[EventDate "2010.??.??"]
[EventType "tourn (rapid)"]
[EventRounds "5"]
[SourceTitle "Corr 2013"]
[Source "ChessBase"]
[SourceDate "2012.11.12"]
[SourceVersion "1"]
[SourceVersionDate "2012.11.12"]
[SourceQuality "1"]

1. d4 d5 2. c4 c6 3. Nc3 Nf6 4. Bg5 e6 5. Nf3 Be7 6. e3 0-0 7. cxd5 Nxd5 8. Bxe7 Qxe7 9. Bd3 Nd7 10. 0-0 Nxc3 11. bxc3 b6 12. c4 Ba6 13. Qa4 Bb7 14. Be4 Qd6 15. Rfc1 f5 16. Bd3 c5 17. d5 exd5 18. Rd1 Ne5 0-1

[Event "FICGS rapid D 000039 email"]
[Site "FICGS email"]
[Date "2010.04.17"]
[Round "1"]
[White "Huxtable, Simon"]
[Black "Leurette, Marc Antoine"]
[Result "0-1"]
[WhiteElo "1445"]
[BlackElo "1412"]
[PlyCount "60"]
[EventDate "2010.??.??"]
[EventType "tourn (rapid)"]
[EventRounds "5"]
[SourceTitle "Corr 2013"]
[Source "ChessBase"]
[SourceDate "2012.11.12"]
[SourceVersion "1"]
[SourceVersionDate "2012.11.12"]
[SourceQuality "1"]

1. d4 d5 2. c4 Nf6 3. Nc3 e6 4. Bg5 Be7 5. Nf3 Nc6 6. e3 0-0 7. Bd3 h6 8. Bxf6 Bxf6 9. 0-0 dxc4 10. Bxc4 Na5 11. Bd3 b6 12. Be4 Ba6 13. b4 Bxf1 14. Kxf1 Rb8 15. bxa5 bxa5 16. Na4 Qe7 17. Nc5 e5 18. Nxe5 Bxe5 19. dxe5 Qxc5 20. Rc1 Qxe5 21. Bb1 Qxh2 22. Qd3 Rfd8 23. Qc2 Qh1+ 24. Ke2 Qxg2 25. Qxc7 Qg4+ 26. f3 Rb2+ 27. Rc2 Qg2+ 28. Ke1 Rxb1+ 29. Rc1 Rxc1+ 30. Qxc1 Qg1+ 0-1

[Event "FICGS rapid D 000039 email"]
[Site "FICGS email"]
[Date "2010.04.17"]
[Round "1"]
[White "Huxtable, Simon"]
[Black "Nguyen, Hao Nhien"]
[Result "0-1"]
[WhiteElo "1445"]
[BlackElo "1497"]
[PlyCount "154"]
[EventDate "2010.??.??"]
[EventType "tourn (rapid)"]
[EventRounds "5"]
[SourceTitle "Corr 2013"]
[Source "ChessBase"]
[SourceDate "2012.11.12"]
[SourceVersion "1"]
[SourceVersionDate "2012.11.12"]
[SourceQuality "1"]

1. d4 d5 2. c4 e6 3. Nc3 Nf6 4. Bg5 Bb4 5. Nf3 0-0 6. e3 c5 7. cxd5 exd5 8. dxc5 h6 9. Bh4 g5 10. Bg3 Ne4 11. Rc1 Nc6 12. Bd3 Nxc5 13. 0-0 Bxc3 14. Rxc3 Nxd3 15. Qxd3 Be6 16. a3 Qe7 17. Re1 Rad8 18. b4 Qf6 19. b5 Ne7 20. h4 g4 21. Nd4 Nf5 22. Nxf5 Bxf5 23. Qd4 Qxd4 24. exd4 Rd7 25. Bf4 Kg7 26. Re5 Bg6 27. Kf1 Rfd8 28. h5 Be4 29. a4 f6 30. Re6 Kf7 31. Rxe4 dxe4 32. Bxh6 Rxd4 33. Be3 R4d7 34. Bxa7 Ra8 35. b6 Rh8 36. Rc7 Ke6 37. Ke2 Kd6 38. Rxd7+ Kxd7 39. Ke3 f5 40. a5 Rxh5 41. a6 Kc8 42. axb7+ Kxb7 43. Kf4 Ka6 44. g3 Kb7 45. Ke3 Rh2 46. Ke2 Rh1 47. Ke3 Rf1 48. Ke2 Rb1 49. Kd2 Kc6 50. Kc2 Rf1 51. b7 Kxb7 52. Be3 Kc6 53. Kd2 Kd5 54. Ke2 Ra1 55. Kd2 Ra3 56. Ke2 Kc4 57. Kd2 Ra2+ 58. Ke1 Kd3 59. Kf1 Ra1+ 60. Kg2 Ke2 61. Bd4 Ra3 62. Bc5 Rf3 63. Bb6 e3 64. fxe3 Rxe3 65. Bc7 Rb3 66. Bf4 Rf3 67. Bd6 Rf2+ 68. Kg1 Kf3 69. Be5 Rd2 70. Bf4 Rd1+ 71. Kh2 Kf2 72. Be5 Rd7 73. Bf6 Rh7+ 74. Bh4 f4 75. Kh1 Rh5 76. Kh2 fxg3+ 77. Kh1 Rxh4# 0-1

[Event "FICGS class D 000145 email"]
[Site "FICGS email"]
[Date "2010.04.03"]
[Round "1"]
[White "Huxtable, Simon"]
[Black "Denchev, Stanimir"]
[Result "0-1"]
[WhiteElo "1445"]
[BlackElo "1595"]
[PlyCount "80"]
[EventDate "2010.??.??"]
[EventType "tourn (corr)"]
[EventRounds "6"]
[SourceTitle "Corr 2013"]
[Source "ChessBase"]
[SourceDate "2012.11.12"]
[SourceVersion "1"]
[SourceVersionDate "2012.11.12"]
[SourceQuality "1"]

1. d4 d5 2. c4 c6 3. Nc3 Nf6 4. Bg5 Ne4 5. Nxe4 dxe4 6. e3 Qa5+ 7. Qd2 Qxg5 8. f4 exf3 9. Nxf3 Qf6 10. e4 e6 11. Bd3 Na6 12. c5 Nc7 13. e5 Qd8 14. 0-0 h6 15. b4 Be7 16. Qf2 0-0 17. Rab1 Nd5 18. Nd2 a5 19. b5 cxb5 20. Rxb5 Qc7 21. Ne4 Bd7 22. Rb3 Bc6 23. Bc2 f6 24. Nd6 fxe5 25. Rf3 Rxf3 26. Qxf3 Bxd6 27. cxd6 Qxd6 28. Qf7+ Kh8 29. dxe5 Qc5+ 30. Rf2 Ne3 31. Bd3 Qc1+ 32. Bf1 Bxg2 33. Rxg2 Nxg2 34. Kxg2 Qg5+ 35. Kh1 Qxe5 36. Qxb7 Qd5+ 37. Qxd5 exd5 38. Bg2 Rd8 39. Bf1 d4 40. Bd3 Rc8 0-1

[Event "FICGS class D 000145 email"]
[Site "FICGS email"]
[Date "2010.04.03"]
[Round "1"]
[White "Huxtable, Simon"]
[Black "Gonet, Gerard"]
[Result "1-0"]
[WhiteElo "1445"]
[BlackElo "1600"]
[PlyCount "57"]
[EventDate "2010.??.??"]
[EventType "tourn (corr)"]
[EventRounds "6"]
[SourceTitle "Corr 2013"]
[Source "ChessBase"]
[SourceDate "2012.11.12"]
[SourceVersion "1"]
[SourceVersionDate "2012.11.12"]
[SourceQuality "1"]

1. d4 d5 2. c4 Nc6 3. Nc3 Nf6 4. Bg5 Ne4 5. Nxe4 dxe4 6. d5 e6 7. Bxd8 Bb4+ 8. Qd2 Bxd2+ 9. Kxd2 Nxd8 10. f3 0-0 11. fxe4 exd5 12. exd5 Bf5 13. Nf3 c6 14. Re1 Rc8 15. e4 Bg6 16. d6 Ne6 17. e5 Rfd8 18. g3 f6 19. Bh3 Bf7 20. c5 b6 21. exf6 bxc5 22. Rxe6 Bxe6 23. Bxe6+ Kf8 24. fxg7+ Kxg7 25. Bxc8 Rxc8 26. Kc3 Rd8 27. Rd1 Kf6 28. Kc4 Ke6 29. Kxc5 1-0

[Event "FICGS class D 000145 email"]
[Site "FICGS email"]
[Date "2010.04.03"]
[Round "1"]
[White "Moreno, Ciro Angel"]
[Black "Huxtable, Simon"]
[Result "1-0"]
[WhiteElo "1507"]
[BlackElo "1445"]
[PlyCount "49"]
[EventDate "2010.??.??"]
[EventType "tourn (corr)"]
[EventRounds "6"]
[SourceTitle "Corr 2013"]
[Source "ChessBase"]
[SourceDate "2012.11.12"]
[SourceVersion "1"]
[SourceVersionDate "2012.11.12"]
[SourceQuality "1"]

1. c4 e5 2. Nc3 Nf6 3. Nf3 Bc5 4. Nxe5 Bd4 5. Nf3 Bxc3 6. bxc3 d6 7. d4 Bf5 8. Qb3 0-0 9. Qxb7 Nbd7 10. Nd2 Re8 11. Qa6 c5 12. Qxd6 Ne4 13. Nxe4 Rxe4 14. Qd5 cxd4 15. Qxf5 Re5 16. Qf3 dxc3 17. Qxc3 Qe7 18. Bb2 Re8 19. e3 Qc5 20. Qd2 R5e6 21. Qxd7 Rxe3+ 22. fxe3 Qa5+ 23. Kf2 Rd8 24. Qe7 Qf5+ 25. Kg1 1-0

[Event "FICGS rapid D 000034 email"]
[Site "FICGS email"]
[Date "2010.01.31"]
[Round "1"]
[White "Stoyanov, Zdravko"]
[Black "Huxtable, Simon"]
[Result "0-1"]
[WhiteElo "1333"]
[BlackElo "1390"]
[PlyCount "60"]
[EventDate "2010.??.??"]
[EventType "tourn (rapid)"]
[EventRounds "5"]
[SourceTitle "Corr 2013"]
[Source "ChessBase"]
[SourceDate "2012.11.12"]
[SourceVersion "1"]
[SourceVersionDate "2012.11.12"]
[SourceQuality "1"]

1. e4 c6 2. Nf3 d5 3. e5 Bg4 4. Be2 e6 5. d4 Nd7 6. h3 Bh5 7. c3 c5 8. Be3 cxd4 9. Bxd4 Bxf3 10. Bxf3 Bc5 11. Nd2 Qc7 12. Nb3 Bb6 13. 0-0 Nxe5 14. Bxe5 Qxe5 15. Re1 Qf6 16. Nd4 Qe7 17. Bxd5 Qd7 18. Qf3 0-0-0 19. Bc4 Bxd4 20. Rad1 Bxf2+ 21. Kxf2 Qc7 22. Qg4 Qc5+ 23. Kf1 Nh6 24. Qf4 g5 25. Qe4 Nf5 26. Rxd8+ Rxd8 27. Bxe6+ fxe6 28. Qxe6+ Rd7 29. Re5 Ng3+ 30. Ke1 Qg1# 0-1

[Event "FICGS rapid D 000012 email"]
[Site "FICGS email"]
[Date "2008.09.08"]
[Round "1"]
[White "Huxtable, Simon"]
[Black "Bromo, Alexis"]
[Result "1-0"]
[WhiteElo "1357"]
[BlackElo "1460"]
[PlyCount "85"]
[EventDate "2008.??.??"]
[EventType "tourn (rapid)"]
[EventRounds "5"]
[SourceTitle "Corr 2022"]
[Source "ChessBase"]
[SourceDate "2021.10.24"]
[SourceVersion "1"]
[SourceVersionDate "2021.10.24"]
[SourceQuality "1"]

1. d4 d5 2. c4 c6 3. Nc3 Nf6 4. Bg5 e6 5. Nf3 Be7 6. e3 Nbd7 7. Bd3 0-0 8. 0-0 dxc4 9. Bxc4 Nd5 10. Bxe7 Qxe7 11. Re1 b5 12. Bxd5 exd5 13. e4 dxe4 14. Rxe4 Qd6 15. Qd3 h6 16. Rh4 f6 17. Qg6 Rf7 18. Rxh6 Nf8 19. Qg5 fxg5 20. Rxd6 Bb7 21. Nxg5 Rd7 22. Rxd7 Nxd7 23. b4 Re8 24. f3 Nf6 25. Nce4 Nxe4 26. Nxe4 Rd8 27. Rd1 Kf8 28. Nc5 Bc8 29. h3 Kf7 30. a3 Ke7 31. Nb3 Kd6 32. Re1 Rg8 33. g4 Be6 34. Nc5 Re8 35. Rxe6+ Rxe6 36. Nxe6 Kxe6 37. Kf2 Kd5 38. Ke3 Ke6 39. Ke4 Kf6 40. f4 g6 41. h4 Ke6 42. f5+ gxf5+ 43. gxf5+ 1-0

[Event "FICGS rapid D 000012 email"]
[Site "FICGS email"]
[Date "2008.09.08"]
[Round "1"]
[White "Huxtable, Simon"]
[Black "Trigiani, Vincenzo"]
[Result "1-0"]
[WhiteElo "1357"]
[BlackElo "1419"]
[PlyCount "39"]
[EventDate "2008.??.??"]
[EventType "tourn (rapid)"]
[EventRounds "5"]
[SourceTitle "Corr 2022"]
[Source "ChessBase"]
[SourceDate "2021.10.24"]
[SourceVersion "1"]
[SourceVersionDate "2021.10.24"]
[SourceQuality "1"]

1. d4 d5 2. c4 dxc4 3. Nc3 e6 4. e4 Nc6 5. Nf3 Nf6 6. Bxc4 Bd6 7. e5 Bxe5 8. dxe5 Bd7 9. exf6 Qxf6 10. 0-0 0-0 11. Qxd7 Rad8 12. Qxc7 Na5 13. Qxa5 Qf4 14. Bxf4 Rfe8 15. Rfe1 Rc8 16. Bb3 b6 17. Qxa7 Rcd8 18. Bg5 f6 19. Bxe6+ Kf8 20. Qf7# 1-0

[Event "FICGS rapid D 000012 email"]
[Site "FICGS email"]
[Date "2008.09.08"]
[Round "1"]
[White "Leurette, Marc Antoine"]
[Black "Huxtable, Simon"]
[Result "0-1"]
[WhiteElo "1360"]
[BlackElo "1357"]
[PlyCount "116"]
[EventDate "2008.??.??"]
[EventType "tourn (rapid)"]
[EventRounds "5"]
[SourceTitle "Corr 2022"]
[Source "ChessBase"]
[SourceDate "2021.10.24"]
[SourceVersion "1"]
[SourceVersionDate "2021.10.24"]
[SourceQuality "1"]

1. e4 c6 2. d4 d5 3. Nc3 dxe4 4. Nxe4 Bf5 5. Bd3 Bxe4 6. Bxe4 Nf6 7. Qe2 Qxd4 8. f3 e6 9. c3 Qd8 10. Bg5 Be7 11. Qd3 Nxe4 12. Qxd8+ Bxd8 13. Bxd8 Kxd8 14. fxe4 Nd7 15. 0-0-0 Kc7 16. Nf3 e5 17. Ng5 Raf8 18. g4 h6 19. Nf3 Re8 20. h3 Nc5 21. Rhe1 f6 22. b4 Ne6 23. Kb2 Rd8 24. Rd2 Nf4 25. Red1 Rxd2+ 26. Rxd2 Nxh3 27. Nh4 Ng5 28. Ng6 Rd8 29. Re2 Rd3 30. Rg2 Nxe4 31. c4 Rd2+ 32. Rxd2 Nxd2 33. c5 Nc4+ 34. Kb3 Ne3 35. Nf8 Kc8 36. a4 Nxg4 37. Ne6 g5 38. Ng7 h5 39. Nxh5 Kd7 40. Ng7 Ne3 41. Nh5 f5 42. b5 Ke6 43. Ng7+ Kd5 44. Kb4 f4 45. bxc6 bxc6 46. Ne8 Ke4 47. Nd6+ Kd3 48. Nc8 f3 49. Nxa7 f2 50. Nxc6 f1Q 51. Nxe5+ Ke4 52. Ka5 Kxe5 53. c6 Qe1+ 54. Kb6 Nd5+ 55. Kb7 Qb4+ 56. Kc8 Qxa4 57. Kd7 Qa7+ 58. Ke8 Qe7# 0-1

[Event "FICGS class F 000062 email"]
[Site "FICGS email"]
[Date "2008.07.15"]
[Round "1"]
[White "Huxtable, Simon"]
[Black "Barradas, Anderson"]
[Result "1-0"]
[WhiteElo "1357"]
[BlackElo "1239"]
[PlyCount "117"]
[EventDate "2008.??.??"]
[EventType "tourn (corr)"]
[EventRounds "5"]
[SourceTitle "Corr 2022"]
[Source "ChessBase"]
[SourceDate "2021.10.24"]
[SourceVersion "1"]
[SourceVersionDate "2021.10.24"]
[SourceQuality "1"]

1. d4 Nf6 2. c4 e6 3. Nc3 Bb4 4. Qc2 0-0 5. Bg5 d6 6. e4 e5 7. dxe5 dxe5 8. Rd1 Bd7 9. Bd3 Nc6 10. Nf3 Bg4 11. Be2 Qe7 12. 0-0 h6 13. Bh4 g5 14. Bg3 Bxf3 15. Bxf3 Nd4 16. Qd3 a6 17. Kh1 Rad8 18. Nd5 Qd6 19. Bxe5 Qxe5 20. Qxd4 Qxd4 21. Rxd4 Nxd5 22. cxd5 c5 23. Rdd1 f5 24. e5 g4 25. Be2 h5 26. a3 Ba5 27. a4 Rfe8 28. e6 Rd6 29. Bc4 Kf8 30. f3 Ke7 31. fxg4 fxg4 32. Rf7+ Kd8 33. Rdf1 Re7 34. Rf8+ Kc7 35. R1f7 Rxf7 36. Rxf7+ Kd8 37. e7+ Ke8 38. Rh7 Rb6 39. b3 Rd6 40. Rxh5 Kxe7 41. Rh7+ Kd8 42. Rxb7 Rf6 43. Bxa6 Rf4 44. g3 Rf6 45. Bc4 Kc8 46. Rg7 Rh6 47. Rxg4 Kc7 48. Re4 Rh7 49. Re6 Kb8 50. d6 Rd7 51. Bb5 Rd8 52. d7 Kb7 53. Re8 Kb8 54. h4 Kc7 55. h5 Bd2 56. Re2 Bh6 57. a5 Rb8 58. Re8 Rd8 59. a6 1-0

[Event "FICGS class F 000062 email"]
[Site "FICGS email"]
[Date "2008.07.15"]
[Round "1"]
[White "Huxtable, Simon"]
[Black "Marcel, Alexis"]
[Result "1-0"]
[WhiteElo "1357"]
[BlackElo "1213"]
[PlyCount "85"]
[EventDate "2008.??.??"]
[EventType "tourn (corr)"]
[EventRounds "5"]
[SourceTitle "Corr 2022"]
[Source "ChessBase"]
[SourceDate "2021.10.24"]
[SourceVersion "1"]
[SourceVersionDate "2021.10.24"]
[SourceQuality "1"]

1. d4 f5 2. c4 Nf6 3. Nc3 e6 4. Bg5 Be7 5. e3 0-0 6. Nf3 b6 7. Be2 Bb7 8. 0-0 h6 9. Bh4 g5 10. Bg3 Nh7 11. Ne5 Kg7 12. Nd3 a6 13. h3 d6 14. b4 Nf6 15. a4 Ne4 16. Nxe4 Bxe4 17. Nb2 Nd7 18. Bf3 Bxf3 19. Qxf3 Kg6 20. Rfe1 h5 21. h4 g4 22. Qe2 Bxh4 23. Bh2 Qf6 24. Nd3 e5 25. d5 e4 26. Nf4+ Kh6 27. Ne6 Rfc8 28. Bf4+ Kg6 29. g3 Bxg3 30. fxg3 Nf8 31. Nd4 Nd7 32. Qc2 Nf8 33. Nc6 Nd7 34. Rab1 Nb8 35. Nd4 Nd7 36. Qb2 a5 37. b5 Nc5 38. Qa1 Nd3 39. Rf1 Nxf4 40. Rxf4 Rf8 41. Rxf5 Qg7 42. Rg5+ Kxg5 43. Ne6+ 1-0

[Event "FICGS rapid D 000008 email"]
[Site "FICGS email"]
[Date "2008.07.05"]
[Round "1"]
[White "Glover, Brian"]
[Black "Huxtable, Simon"]
[Result "0-1"]
[WhiteElo "1388"]
[BlackElo "1357"]
[PlyCount "56"]
[EventDate "2008.??.??"]
[EventType "tourn (rapid)"]
[EventRounds "5"]
[SourceTitle "Corr 2022"]
[Source "ChessBase"]
[SourceDate "2021.10.24"]
[SourceVersion "1"]
[SourceVersionDate "2021.10.24"]
[SourceQuality "1"]

1. d4 d5 2. c4 c6 3. Nc3 Bf5 4. Nf3 Nf6 5. Bg5 Ne4 6. e3 Bg4 7. Bf4 e6 8. Be2 Bb4 9. Qc1 Qa5 10. 0-0 Bxc3 11. bxc3 dxc4 12. Bxc4 Bxf3 13. gxf3 Nxc3 14. Be5 Nd5 15. Kh1 0-0 16. Rg1 f6 17. Bg3 Re8 18. Bxd5 Qxd5 19. Qd1 Rd8 20. Qc2 Qxf3+ 21. Rg2 Rd7 22. Qb3 Qd5 23. Qd1 c5 24. f3 Nc6 25. Qe2 cxd4 26. Rag1 d3 27. e4 Qd4 28. Qd2 Ne5 0-1

[Event "FICGS rapid D 000008 email"]
[Site "FICGS email"]
[Date "2008.07.05"]
[Round "1"]
[White "Huxtable, Simon"]
[Black "Konuhov, Konstantin"]
[Result "0-1"]
[WhiteElo "1357"]
[BlackElo "1384"]
[PlyCount "32"]
[EventDate "2008.??.??"]
[EventType "tourn (rapid)"]
[EventRounds "5"]
[SourceTitle "Corr 2022"]
[Source "ChessBase"]
[SourceDate "2021.10.24"]
[SourceVersion "1"]
[SourceVersionDate "2021.10.24"]
[SourceQuality "1"]

1. d4 d5 2. Nf3 Nc6 3. Bf4 Bg4 4. Nbd2 e6 5. e3 Bd6 6. Bxd6 cxd6 7. Bb5 Nf6 8. h3 Bh5 9. g4 Bg6 10. Ba4 Qb6 11. Bb3 h6 12. Qe2 a5 13. a4 Nb4 14. 0-0-0 Bxc2 15. Bxc2 Na2+ 16. Kb1 Nc3+ 0-1

[Event "FICGS rapid C 000053 email"]
[Site "FICGS email"]
[Date "2008.06.23"]
[Round "1"]
[White "Pech, Matej"]
[Black "Huxtable, Simon"]
[Result "0-1"]
[WhiteElo "1632"]
[BlackElo "1522"]
[PlyCount "60"]
[EventDate "2008.??.??"]
[EventType "tourn (rapid)"]
[EventRounds "4"]
[SourceTitle "Corr 2022"]
[Source "ChessBase"]
[SourceDate "2021.10.24"]
[SourceVersion "1"]
[SourceVersionDate "2021.10.24"]
[SourceQuality "1"]

1. c4 e5 2. Nc3 f5 3. d4 exd4 4. Qxd4 Nc6 5. Qe3+ Qe7 6. Nf3 Qxe3 7. Bxe3 Bb4 8. Bd2 d6 9. Nd5 Bc5 10. Nxc7+ Kd7 11. Nxa8 Nf6 12. e3 a6 13. a3 Kd8 14. b4 Ba7 15. b5 axb5 16. cxb5 Ne7 17. Ba5+ Kd7 18. b6 Bb8 19. Bb5+ Kd8 20. Ng5 Rf8 21. Nc7 Bd7 22. Nce6+ Ke8 23. Nxg7+ Kd8 24. N5e6+ Kc8 25. Rc1+ Nc6 26. Nxf8 d5 27. Nxd7 Nxd7 28. Bxc6 bxc6 29. Rxc6+ Kb7 30. Rc7+ Bxc7 0-1

[Event "FICGS class E 000082 email"]
[Site "FICGS email"]
[Date "2008.05.16"]
[Round "1"]
[White "Stoyanov, Zdravko"]
[Black "Huxtable, Simon"]
[Result "0-1"]
[WhiteElo "1343"]
[BlackElo "1522"]
[PlyCount "106"]
[EventDate "2008.??.??"]
[EventType "tourn (corr)"]
[EventRounds "5"]
[SourceTitle "Corr 2022"]
[Source "ChessBase"]
[SourceDate "2021.10.24"]
[SourceVersion "1"]
[SourceVersionDate "2021.10.24"]
[SourceQuality "1"]

1. e4 c6 2. Nf3 d5 3. e5 e6 4. d4 Nd7 5. a3 b5 6. Bd3 c5 7. c3 c4 8. Be2 a5 9. h3 Ne7 10. 0-0 Ng6 11. Ng5 Be7 12. Qd2 Bxg5 13. Qxg5 Qxg5 14. Bxg5 h6 15. Be3 a4 16. Nd2 Ke7 17. Bh5 Ngf8 18. Rfe1 g6 19. Bd1 f5 20. Bf4 g5 21. Bh2 Nb6 22. Nf1 Bd7 23. Ng3 Nh7 24. Nh5 Be8 25. Ng3 Bg6 26. Bh5 Kf7 27. Bxg6+ Kxg6 28. Nf1 Rhf8 29. f4 Rf7 30. Nd2 Raf8 31. Rf1 Nd7 32. Rf3 g4 33. Rg3 h5 34. Rf1 Kh6 35. h4 Rg8 36. Nf3 Ndf8 37. Ng5 Nxg5 38. fxg5+ Kh7 39. Re3 Ng6 40. g3 Rgf8 41. Re2 f4 42. gxf4 Nxh4 43. Bg3 Nf3+ 44. Kg2 h4 45. Rh1 h3+ 46. Kf1 Nxg5 47. Ke1 Ne4 48. Bh2 Kh6 49. Rg1 Kh5 50. Re3 Kh4 51. Kd1 Rg8 52. Bg3+ Nxg3 53. Rexg3 h2 0-1

[Event "FICGS class D 000086 email"]
[Site "FICGS email"]
[Date "2008.04.20"]
[Round "1"]
[White "Cridland, Graham M"]
[Black "Huxtable, Simon"]
[Result "1-0"]
[WhiteElo "1438"]
[BlackElo "1600"]
[PlyCount "93"]
[EventDate "2008.??.??"]
[EventType "tourn (corr)"]
[EventRounds "6"]
[SourceTitle "Corr 2022"]
[Source "ChessBase"]
[SourceDate "2021.10.24"]
[SourceVersion "1"]
[SourceVersionDate "2021.10.24"]
[SourceQuality "1"]

1. e4 c6 2. d4 d5 3. Nc3 dxe4 4. Nxe4 Bf5 5. Ng3 Bg6 6. Nh3 h6 7. Nf4 Bh7 8. Bc4 c5 9. d5 Nf6 10. 0-0 a6 11. a4 Nbd7 12. Re1 Nb6 13. Ba2 Qd6 14. a5 Nbd7 15. Nd3 Nxd5 16. Nf4 Bxc2 17. Qxd5 Qxd5 18. Nxd5 Rc8 19. Bf4 e6 20. Rac1 Ba4 21. Ne4 Bc6 22. Ndc3 Be7 23. Bd6 f5 24. Bxe7 Kxe7 25. Ng3 Nf8 26. Nxf5+ Kf6 27. Nd6 Rc7 28. Nce4+ Ke7 29. Nc4 Bd5 30. Nc3 Bc6 31. Ne5 g5 32. Nxc6+ Rxc6 33. Ne4 Nd7 34. Nd2 e5 35. Nc4 Kf6 36. Rcd1 Rc7 37. Rd6+ Ke7 38. Rg6 Rc6 39. Rxc6 bxc6 40. Nxe5 Kd6 41. Nxd7 Kxd7 42. Bc4 Rb8 43. b3 Rh8 44. Re4 Kc7 45. h4 gxh4 46. Rxh4 Kd7 47. Bxa6 1-0